<?xml version="1.0" encoding="UTF-8"?>
<record
    xmlns:xsi="http://www.w3.org/2001/XMLSchema-instance"
    xsi:schemaLocation="http://www.loc.gov/MARC21/slim http://www.loc.gov/standards/marcxml/schema/MARC21slim.xsd"
    xmlns="http://www.loc.gov/MARC21/slim">

  <leader>01353nam0a2200361   4500</leader>
  <controlfield tag="001">RU\NLR\BIBL_A\012099606</controlfield>
  <controlfield tag="005">20191014094724.0</controlfield>
  <datafield tag="010" ind1=" " ind2=" ">
    <subfield code="a">978-5-227-08728-7</subfield>
    <subfield code="9">100000</subfield>
  </datafield>
  <datafield tag="021" ind1=" " ind2=" ">
    <subfield code="a">RU</subfield>
    <subfield code="b">&#x41A;&#x41D;-&#x41F;-19-062590</subfield>
    <subfield code="9">&#x41A;&#x41D;-&#x41F;-19-4475</subfield>
  </datafield>
  <datafield tag="035" ind1=" " ind2=" ">
    <subfield code="a">(NLR Aleph) 012099606</subfield>
  </datafield>
  <datafield tag="035" ind1=" " ind2=" ">
    <subfield code="a">(RuMoRGB)010074792</subfield>
  </datafield>
  <datafield tag="090" ind1=" " ind2=" ">
    <subfield code="a">11898890</subfield>
    <subfield code="c">11898890</subfield>
  </datafield>
  <datafield tag="100" ind1=" " ind2=" ">
    <subfield code="a">20190924d2019    e  y0rusy50      ca</subfield>
  </datafield>
  <datafield tag="101" ind1="1" ind2=" ">
    <subfield code="a">rus</subfield>
    <subfield code="c">eng</subfield>
  </datafield>
  <datafield tag="102" ind1=" " ind2=" ">
    <subfield code="a">RU</subfield>
  </datafield>
  <datafield tag="105" ind1=" " ind2=" ">
    <subfield code="a">y|||z|||000ay</subfield>
  </datafield>
  <datafield tag="200" ind1="1" ind2=" ">
    <subfield code="a">&#x41F;&#x43E;&#x434; &#x43F;&#x43E;&#x43A;&#x440;&#x43E;&#x432;&#x43E;&#x43C; &#x441;&#x432;&#x435;&#x442;&#x43B;&#x44B;&#x445; &#x447;&#x443;&#x432;&#x441;&#x442;&#x432;</subfield>
    <subfield code="e">&#x440;&#x43E;&#x43C;&#x430;&#x43D;</subfield>
    <subfield code="f">&#x41C;&#x430;&#x440;&#x438;&#x43E;&#x43D; &#x41B;&#x435;&#x43D;&#x43D;&#x43E;&#x43A;&#x441;</subfield>
    <subfield code="g">[&#x43F;&#x435;&#x440;. &#x441; &#x430;&#x43D;&#x433;&#x43B;. &#x41E;.&#x418;. &#x421;&#x435;&#x43C;&#x44B;&#x43A;]</subfield>
    <subfield code="g">&#x410;&#x440;&#x43B;&#x435;&#x43A;&#x438;&#x43D;</subfield>
  </datafield>
  <datafield tag="210" ind1=" " ind2=" ">
    <subfield code="a">&#x41C;&#x43E;&#x441;&#x43A;&#x432;&#x430;</subfield>
    <subfield code="c">&#x426;&#x435;&#x43D;&#x442;&#x440;&#x43F;&#x43E;&#x43B;&#x438;&#x433;&#x440;&#x430;&#x444;</subfield>
    <subfield code="d">2019</subfield>
  </datafield>
  <datafield tag="215" ind1=" " ind2=" ">
    <subfield code="a">158, [1] &#x441;.</subfield>
    <subfield code="d">17</subfield>
  </datafield>
  <datafield tag="225" ind1="1" ind2=" ">
    <subfield code="a">&#x41B;&#x44E;&#x431;&#x43E;&#x432;&#x43D;&#x44B;&#x439; &#x440;&#x43E;&#x43C;&#x430;&#x43D;</subfield>
    <subfield code="v">0926</subfield>
  </datafield>
  <datafield tag="225" ind1="1" ind2=" ">
    <subfield code="a">&#x41F;&#x43E;&#x434;&#x430;&#x440;&#x438; &#x441;&#x435;&#x431;&#x435; &#x43C;&#x435;&#x447;&#x442;&#x443;</subfield>
  </datafield>
  <datafield tag="300" ind1=" " ind2=" ">
    <subfield code="a">&#x417;&#x430;&#x433;&#x43B;. &#x438; &#x430;&#x432;&#x442;. &#x442;&#x430;&#x43A;&#x436;&#x435; &#x43D;&#x430; &#x430;&#x43D;&#x433;&#x43B;. &#x44F;&#x437;.: English lord on her doorstep / Marion Lennox</subfield>
  </datafield>
  <datafield tag="333" ind1=" " ind2=" ">
    <subfield code="a">16+</subfield>
  </datafield>
  <datafield tag="517" ind1="1" ind2=" ">
    <subfield code="6">z11790</subfield>
    <subfield code="a">English lord on her doorstep</subfield>
    <subfield code="z">eng</subfield>
  </datafield>
  <datafield tag="686" ind1="1" ind2=" ">
    <subfield code="a">&#x428;6(4&#x412;&#x43B;)67-440.4{&#x41B;&#x445;1299-50}</subfield>
  </datafield>
  <datafield tag="700" ind1=" " ind2="1">
    <subfield code="a">&#x41B;&#x435;&#x43D;&#x43D;&#x43E;&#x43A;&#x441;</subfield>
    <subfield code="b">&#x41C;.</subfield>
    <subfield code="f">1953-</subfield>
    <subfield code="g">&#x41C;&#x430;&#x440;&#x438;&#x43E;&#x43D;</subfield>
    <subfield code="3">RU\NLR\AUTH\770144845</subfield>
  </datafield>
  <datafield tag="790" ind1=" " ind2="1">
    <subfield code="6">z11517</subfield>
    <subfield code="a">Lennoks</subfield>
    <subfield code="b">M.</subfield>
    <subfield code="f">1953-</subfield>
    <subfield code="g">Marion</subfield>
  </datafield>
  <datafield tag="942" ind1=" " ind2=" ">
    <subfield code="c">BOOK</subfield>
  </datafield>
  <datafield tag="980" ind1=" " ind2=" ">
    <subfield code="a">NBR</subfield>
  </datafield>
  <datafield tag="980" ind1=" " ind2=" ">
    <subfield code="a">NB</subfield>
  </datafield>
</record>
